[Event "ESP-ch Amateurs U1700"]
[Site "Murcia"]
[Date "2022.09.01"]
[Round "5.8"]
[White "Morera Roda, Lucas"]
[Black "Martinez Peran, Ivan"]
[Result "1-0"]
[WhiteElo "1518"]
[BlackElo "1641"]
[PlyCount "61"]
[EventDate "2022.08.30"]
[EventType "swiss"]
[EventRounds "9"]
[EventCountry "ESP"]
[SourceTitle "EXT 2024"]
[Source "ChessBase"]
[SourceDate "2023.10.10"]
[SourceVersion "1"]
[SourceVersionDate "2023.10.10"]
[SourceQuality "1"]

1. e4 g6 2. d4 c6 3. Nf3 Bg7 4. Nbd2 d5 5. exd5 cxd5 6. Bd3 Nc6 7. c3 f5 8. 0-0 Nf6 9. Nb3 0-0 10. Bf4 Ne4 11. Re1 e6 12. g3 g5 13. Bxe4 gxf4 14. Bc2 fxg3 15. hxg3 b6 16. Kg2 Bd7 17. Qd2 Qf6 18. Nc1 Na5 19. Ne5 Qe7 20. Ncd3 Bxe5 21. Nxe5 Nc4 22. Nxc4 dxc4 23. Qf4 Qf6 24. Rh1 Bc6+ 25. f3 Rf7 26. Rh6 Qe7 27. Re1 Qf8 28. Rhxe6 Re8 29. Rxe8 Bxe8 30. Qg5+ Kh8 31. Qd8 1-0